| 000 | 00608nam a22001817a 4500 | ||
|---|---|---|---|
| 005 | 20250617155155.0 | ||
| 010 | _aENG-145425 | ||
| 020 |
_c250.00 _a9789384401061 |
||
| 035 | _aEN-128957 | ||
| 037 | _bDBAD | ||
| 082 | _a921 | ||
| 245 |
_aSaint Mother Teresa: _bA Biography _cEdited by Kaushal K. Goyal |
||
| 260 |
_bPigeon Books India _c2021 |
||
| 270 |
_bNew Delhi _a16,Ansari Road ,Daryaganj _e110002 |
||
| 300 |
_a158p. _c20(pb) |
||
| 942 |
_2ddc _cEN _h921 _mSAI |
||
| 999 |
_c211881 _d211881 |
||